000 00599nam a22002057a 4500
005 20241212151917.0
008 241212b ||||| |||| 00| 0 eng d
040 _cAL
041 _aEnglish
082 _223
_a348.04
_bEASS
100 _aEastern Book Company
_9190404
245 _aSupreme Court Cases: Vol 1
260 _aLucknow
_bEastern Book Company
_c1975
300 _a912 p.
_bHB
_c24x16 cm.
365 _a1061
_b₹959.52
_c
_d₹1279.36
_e25%
_f28-11-2024
440 _aVolume 1
_9190405
650 _aLaw
_9190406
650 _aMode of Citation (1975) 1 SCC
_9190407
942 _2ddc
_cBI
999 _c232730
_d232730